'K' General Knowledge Quiz Stats

 Plays Quiz not verified by Sporcle

Challenge
Share
Tweet
Score 0/21 Timer 05:00
2 Plays Today
Hint Answer % Correct
Which Australian marsupial feeds mostly on eucalyptus leaves?Koala bear
93.2%
Which Japanese martial art is known as 'The Way of the Empty Hand'?Karate
87.5%
What name is given to a traditional long, loose Japanese robe with wide sleeves tied with a sash?Kimono
85.5%
Which mountain in Tanzania is the highest mountain in Africa?Kilimanjaro
79.2%
Which toy consisting of a tube containing mirrors and coloured glass produces changing patterns when rotated?Kaleidoscope
78.1%
The patella bone refers which part of the body?Kneecap
77.2%
Which fibrous protein forms the main constituent of hair, hoofs, claws, horns, etc?Keratin
72%
Which strong cotton or wool fabric of a dull brownish-yellow colour is especially used in military clothing?Khaki
66.7%
Which form of entertainment takes its name from the Japanese words for 'empty orchestra'?Karaoke
61.7%
What name is given to a citadel found within Russian cities?Kremlin
60.5%
Which volcanic island in present day Indonesia exploded in 1883?Krakatoa
52.6%
Hint Answer % Correct
Which African desert covers much of Botswana and parts of Namibia and South Africa?Kalahari
52.3%
Which bird mostly found outside of the Americas is often brightly coloured and typically dives for fish from a perch?Kingfisher
50%
Which gold rush occured in the region of Yukon northwest Canada in 1896-99?Klondike
48.6%
In Hinduism, who is the eighth and principal avatar of Vishnu, often depicted as a young man playing a flute?Krishna
40.4%
Which mountain pass and historical invasion route links Afghanistan with Pakistan? Khyber Pass
38.9%
India, Pakistan and China all hold parts which area of the northwestern Indian subcontinent?Kashmir
37.4%
Which other word can be used for a timpani, a musical instrument in the percussion family?Kettledrum
36.8%
Which Japanese word applies to the 'divine winds' that saved Japan from two Mongol invasion fleets in the 13th century?Kamikaze
34%
Which fictional incompetent policemen featured in silent film comedies in the early 20th century?Keystone cops
28.7%
Which Egyptian pharaoh built the Great Pyramid of Giza?Khufu
19.1%

You're not logged in!

Compare scores with friends on all Sporcle quizzes.
OR
Log In

You Might Also Like...

Show Comments

Extras

Created Nov 17, 2014ReportNominate
Tags:Grab Bag Quiz, Letter Quiz

Top Quizzes Today


Score Distribution

Your Account Isn't Verified!

In order to create a playlist on Sporcle, you need to verify the email address you used during registration. Go to your Sporcle Settings to finish the process.

Report this User

Report this user for behavior that violates our Community Guidelines.

Details: